| 000 | 00612na a2200217 4500 | ||
|---|---|---|---|
| 999 |
_c13349 _d13349 |
||
| 001 | 14806 | ||
| 003 | MIRAKIL | ||
| 005 | 20190628142836.0 | ||
| 008 | 160901b tu 000 0 | ||
| 020 | _a9753430957 | ||
| 035 | _a14806 | ||
| 040 |
_aTR-AnCHP _btur _cTR-AnCHP |
||
| 082 |
_a956.1024 _bB69a 1995 |
||
| 100 | _aBozkurt, Mahmut Esat | ||
| 245 |
_aAtatürk ihtilali / _cMahmut Esat Bozkurt. |
||
| 260 |
_aİstanbul : _bKaynak yayınları, _c1995. |
||
| 300 |
_a288 s. _c19 sm. |
||
| 600 |
_aAtatürk, Mustafa Kemal _d1881-1938 _xAtatürk devrimleri |
||
| 650 | _aAtatürkçülük | ||
| 942 |
_2ddc _cBKS |
||